000 00772nam a22001817a 4500
999 _c62043
_d62043
003 Ge_BSU
005 20240626163229.0
008 240626s1957 ge ||||| |||| 00| 0 geo d
041 _ageo
080 _a613.6 კ-52
100 _aკინწურაშვილი, შ.
_922599
245 _aშრომის ჰიგიენა :
_bზოგადი კურსი /
_cშ. კინწურაშვილი; რედ. ს საყვარელიძე.
264 _aთბ. :
_bსაქმედგამი,
_c1957.
300 _a260 გვ. :
_bილ. ;
_c21 სმ.
653 _aშრომის ჰიგიენა
700 _aსაყვარელიძე, ს.
_eრედაქტორი
_922600
942 _2udc
_cᲬᲘᲒᲜᲘ